FIFA World Cup 2026 - Algeria Squad - Statistics

General Stats
  • This quiz has been taken 5 times
  • The average score is 18 of 27
Answer Stats
Team # Position Club/Country Player % Correct
Algeria 2 CB LOSC Lille Aïssa Mandi
100%
Algeria 9 ST Olympique Marseille Amine Gouiri
100%
Algeria 8 AM Al-Ittihad Club Houssem Aouar
100%
Algeria 22 AM Bayer 04 Leverkusen Ibrahim Maza
100%
Algeria 23 GK Granada CF Luca Zidane
100%
Algeria 18 ST VfL Wolfsburg Mohamed Amoura
100%
Algeria 19 DM LOSC Lille Nabil Bentaleb
100%
Algeria 6 DM FC Twente Enschede Ramiz Zerrouki
100%
Algeria 21 CB Borussia Dortmund Ramy Bensebaini
100%
Algeria 15 LB Manchester City Rayan Aït-Nouri
100%
Algeria 11 RW Feyenoord Rotterdam Anis Hadj Moussa
80%
Algeria 10 AM Eintracht Frankfurt Farès Chaïbi
80%
Algeria 14 CM OGC Nice Hicham Boudaoui
80%
Algeria 7 RW Al-Ahli SFC Riyad Mahrez
80%
Algeria 4 CB Esperance Tunis Mohamed Amine Tougai
60%
Algeria 17 RB Hellas Verona Rafik Belghali
60%
Algeria Manager Switzerland Vladimir Petkovic
60%
Algeria 3 CB USM Alger Achref Abada
40%
Algeria 20 LW Al-Duhail SC Adil Boulbina
40%
Algeria 13 LB BSC Young Boys Jaouen Hadjam
40%
Algeria 1 GK FC Stade Nyonnais Melvin Mastil
40%
Algeria 12 ST ETO FC Nadhir Benbouali
40%
Algeria 26 CB Paris FC Samir Chergui
40%
Algeria 5 CB JS Kabylie Zineddine Belaid
40%
Algeria 25 RW Frosinone Calcio Farès Ghedjemis
20%
Algeria 24 CM Royal Charleroi SC Yassine Titraoui
20%
Algeria 16 GK USM Alger Oussama Benbout
0%
No matching quizzes found
Score Distribution
Percent of People with Each Score
Percentile by Number Answered
Your Score History
You have not taken this quiz